00461nam a2200181Ia 4500003000400000005001700004008004100021020001500062040000700077041000800084082002300092100003000115245005300145250000600198260004700204300002000251365000800271OSt20230323154031.0210423s2008 xx 000 0 und d a8177589571 cAL aeng a547.028 bFURB223 aFURNISS (Brian S);others. aVogels text book of practical organic chemistry. a5 aNew DelhibPearson Education Pvt Ltdc2008 axxviii,1514bPB cINR